• 首页
  • 本馆介绍
  • 公告通知
  • 最新文献
  • 馆藏检索
  • 电子资源
  • 读者导购
  • 参考咨询
  • 我的图书馆
  • 登录
  • 详细信息显示
  • 放入我的书架
  • 预约/预借图书
  • 作者相关作品
  • 分类相关作品
  • 丛书相关作品
  • 出版社相关作品

书目信息

  • 表格格式
  • 工作单格式
  • 卡片格式
题名:
PM2.5卫星遥感技术及其应用
    
 
作者: 王桥等 著
分册:  
出版信息: 北京   中国环境出版社  2017.10
页数: 300页
开本: 26cm
丛书名:
单 册:
中图分类: X831
科图分类:
主题词: 卫星遥感--应用--可吸入颗粒物--空气污染监测
电子资源:
ISBN: 978-7-5111-2908-6
000 00936nam0 2200229 450
001 1292
005 20180927172628.31
010    @a978-7-5111-2908-6@dCNY120.00
100    @a20180513d2017 em y0chiy50 ea
101 0  @achi
102    @aCN@b110000
105    @aab z 000yy
200 1  @aPM2.5卫星遥感技术及其应用@9PM2.5 wei xing yao gan ji shu ji qi ying yong@f王桥等著
210    @a北京@c中国环境出版社@d2017.10
215    @a300页@c图,地图@d26cm
330    @a本书共分为6章,主要内容包括:国内外PM2.5卫星遥感监测技术研究进展;PM2.5区域时空分布特征分析及面向区域PM2.5卫星监测的分区方法研究;PM2.5卫星遥感监测关键参量获取技术研究;PM2.5卫星遥感反演方法研究等。
510 1  @aPM2.5 monitoring technology and application using satellite remote sensing@zeng
606 0  @a卫星遥感@x应用@x可吸入颗粒物@x空气污染监测
690    @aX831@v5
701  0 @a王桥等@9wang qiao deng@4著
801  0 @aCN@b91MARC@c20180513
905    @aMuseLib@dX831@e270
    
    PM2.5卫星遥感技术及其应用/王桥等著.-北京:中国环境出版社,2017.10
    300页:图,地图;26cm
    
    
    ISBN 978-7-5111-2908-6:CNY120.00
    本书共分为6章,主要内容包括:国内外PM2.5卫星遥感监测技术研究进展;PM2.5区域时空分布特征分析及面向区域PM2.5卫星监测的分区方法研究;PM2.5卫星遥感监测关键参量获取技术研究;PM2.5卫星遥感反演方法研究等。
●
相关链接 在E读中查询图书 在五车中查询图书 在当当中查询图书 在豆瓣中查询图书


正题名:PM2.5卫星遥感技术及其应用     索取号:X831/270         预约/预借

序号 登录号 条形码 馆藏地/架位号 状态 备注
1 1122051   211220515   第二样本阅览室/ [索取号:X831/270] 在馆    
2 1122052   211220524   第三借阅区/ [索取号:X831/270] 在馆    
3 1122053   211220533   第三借阅区/ [索取号:X831/270] 在馆    
唐山师范学院图书馆 欢迎您!
大连网信软件有限公司© 版权所有